000 00823nam a2200193 i 4500
001 46679
003 ES-MaACL
005 20230906161428.0
007 t|
008 030331s1954 mr ||||1| spa d
111 2 _aCongreso Arqueológico del Marruecos Español (
_n1º.
_d1953.
_cTetuán)
_9283
245 1 0 _aCongreso Arqueológico del Marruecos Español
_b: Tetuán, 22-26 de Junio, 1953.
260 _aTetuán :
_bAlta Comisaría de España en Marruecos, Servicio de Arqueología,
_c1954.
300 _a539 p., 78 lám. :
_b2 gráf. ;
_c23 cm.
650 1 4 _aArqueología-
_zMarruecos-
_vCongresos y asambleas.
_99979
651 4 _aMarruecos-
_xRestos arqueológicos-
_vCongresos y asambleas.
_99035
710 1 _aMarruecos (Protectorado Español).
_bServicio de Arqueología.
_95656
852 _aES-MaACL
_jC-10196
_bR.38831
999 _c46679
_d46679